00407nam a2200145Ia 4500008004100000040000600041041001200047082000800059082000700067100002500074245007400099245002500173260003500198501002800233141004s9999 xx 000 0 und d ca aEnglish a635 bTH aT.R GopalaKrishnan aThree Decades of Vegetable Research in Kerala Agricultural University cT.R GopalaKrishnan bKerala Agricultural University aKAUCOF